000 00790cam a2200205 4500
001 WB3919-05
008 030519n2003 000 0 eng u
035 _a(Sirsi) u122319
245 _aReal Estate surge goes on
260 _c2003
490 _aProperty Week
_v68(19) 16 May 2003, 19(1)
520 _aThe "FTSE Real Estate Index" shows property shares are continuing to rise week on week. Property shares rose an average of 4% from the end of March 2003 and outperformed the "FTSE All-Share Index" in the week ending 9 May. Graph.
590 _aWB
650 _aFTSE REAL ESTATE INDEX (FTSEREI)
650 _aFTSE INDEX
650 _aSHARE PRICES
650 _aPROPERTY SHARES
690 _aPROPERTY-COMMERCIAL PROPERTY-COMMERCIAL PROPERTY FINANCE AND INVESTMENT
942 _n0
999 _c72687
_d72687